| 000 | 00685nam a2200217Ia 4500 | ||
|---|---|---|---|
| 008 | 191130s2008##################000#0#eng## | ||
| 020 | _a9783631577462 | ||
| 022 | _a2008459149 | ||
| 040 |
_aACL _cACL |
||
| 082 | _a496 ANY | ||
| 100 | _aAnyanwu, Rose-Juliet | ||
| 245 |
_aFundamentals of phonetics, phonology and tonology : with specific African sound patterns _cRose-Juliet Anyanwu |
||
| 260 |
_aBern _bPeter Lang _c2008 |
||
| 300 | _a329 p. : ill. ; 21 cm | ||
| 500 | _aIncludes bibliographical references and index | ||
| 650 | _aAfrican languages - Phonetics | ||
| 650 | _aPhonetics | ||
| 990 | _a92438340ac10000c71f39b6497d08be8 | ||
| 991 | _a416306 | ||
| 999 |
_c190700 _d190700 |
||